Представление документа в формате RUSMARC

ПолеНазваниеЗначение
  Тип записи a
  Библиографический уровень a
001 Контрольный номер RU/CBS_UL/BASE/c50e0c98771e4eb79cbd2f587d7096bb
005 Дата корректировки 20251014092022.8
100 Данные общей обработки __
a Данные общей обработки 20251014 ||| 0rusy0189 ca
101 Язык документа 0_
a Язык текста rus
102 Страна публикации __
a Страна публикации RU
200 Заглавие и сведения об ответственности 1_
a Заглавие Самые заботливые
e Сведения, относящиеся к заглавию [в дикой природе есть немало ярких примеров заботливых родителей]
f Первые сведения об ответственности М. Мирославина
300 Общие примечания __
a Общие примечания 6+
461 Уровень набора _0
1 2000
a Саша и Даша
463 Уровень физической единицы _0
1 2000
a № 9
v С. 22-23
1 2101
d 2025
1 001RU/CBS_UL/BASE/9ccc0fe2a2a54a64ae7eca6190d078dc
606 Тематические рубрики 0_
a Основная рубрика Животные - Поведение
610 Ключевые слова 0_
a Ключевые слова животные
610 Ключевые слова 0_
a Ключевые слова поведение животных
610 Ключевые слова 0_
a Ключевые слова детёныши животных
610 Ключевые слова 0_
a Ключевые слова птицы-носороги
610 Ключевые слова 0_
a Ключевые слова домашние животные
610 Ключевые слова 0_
a Ключевые слова белые медведи
610 Ключевые слова 0_
a Ключевые слова мамы животных
686 Индексы других классификаций __
a Классификационный индекс 28.6
700 Автор _1
a Фамилия Мирославина
b Имя (инициалы) М.
801 Источник записи _0
a Страна RU
b Организация МБУК ЦБС г. Ульяновска
c Дата составления 20251014
g Правила каталогизации RCR
801 Источник записи _1
a Страна RU
b Организация МБУК ЦБС г. Ульяновска
c Дата составления 20251014
g Правила каталогизации RCR
901 Тип документа __
t Тип документа b
w Контрольный № источника RU/CBS_UL/BASE/9ccc0fe2a2a54a64ae7eca6190d078dc
909 Создатель записи __
a Создатель записи mbo